Nanopartículas de Au soportadas en óxidos reducibles : aplicación en la hidrogenación selectiva de crotonaldehído /

Guardado en:
Autor Principal: Campo, Betiana Carla.
Autor Corporativo: Universidad Nacional del Sur. Departamento de Ingeniería Química.
Otros Autores: Volpe, María A., Gigola, Carlos Eugenio.
Formato: Manuscrito
Idioma:Spanish
Publicado: 2008.
Materias:
Acceso en línea:Texto completo
Etiquetas: Agregar Etiqueta
Sin Etiquetas, Sea el primero en etiquetar este registro!
LEADER 01216ntm a22002535a 4500
001 EUN.eunm002693
008 090811s2008####ag#a#####bm###000#0#spa#d
005 20241018115147.0
245 1 0 |a Nanopartículas de Au soportadas en óxidos reducibles :  |b aplicación en la hidrogenación selectiva de crotonaldehído /  |c Betiana Carla Campo. 
260 |c 2008. 
300 |a 193 h. :  |b il. ;  |c 30 cm. 
500 |a "Tesis Doctoral en Ingeniería Química". 
500 |a Director de tesis: María Alicia Volpe, Carlos Eugenio Gigola. 
502 |a Tesis (doctoral)--Universidad Nacional del Sur. Departamento de Ingeniería Química, 2008. 
504 |a Incluye referencias bibliográficas al final de cada capítulo. 
530 |a Disponible también en formato digital. 
100 1 |a Campo, Betiana Carla. 
700 1 |a Volpe, María A.  |q (María Alicia) 
700 1 |a Gigola, Carlos Eugenio. 
710 2 |a Universidad Nacional del Sur.  |b Departamento de Ingeniería Química. 
650 7 |a Ingeniería química.  |2 unbist 
650 7 |a Industria química.  |2 unbist 
856 4 1 |3 Texto completo  |u https://repositoriodigital.uns.edu.ar/handle/123456789/1985 
859 |a AR-BaUNS  |b BIB. CENTRAL - Tesis  |h 040  |i B148 2008-903c  |k R  |p 120884/009